The essence of Buddha Abhidhamma / (Record no. 32332)

000 -LEADER
fixed length control field 00537nam a22001817a 4500
005 - DATE AND TIME OF LATEST TRANSACTION
control field 20240305131955.0
008 - FIXED-LENGTH DATA ELEMENTS--GENERAL INFORMATION
fixed length control field 220828b ||||| |||| 00| 0 eng d
040 ## - CATALOGING SOURCE
Transcribing agency SSBUL
082 ## - DEWEY DECIMAL CLASSIFICATION NUMBER
Edition number 23
Classification number 294.3824
Item number Ti
100 0# - MAIN ENTRY--PERSONAL NAME
Personal name Tin Mon,
Titles and words associated with a name Mehm, Dr.
9 (RLIN) 6594
245 14 - TITLE STATEMENT
Title The essence of Buddha Abhidhamma /
Statement of responsibility, etc. Dr. Mehm Tin Mom.
260 ## - PUBLICATION, DISTRIBUTION, ETC.
Place of publication, distribution, etc. Yangon :
Name of publisher, distributor, etc. Yadanar Min Literature,
Date of publication, distribution, etc. 1995.
300 ## - PHYSICAL DESCRIPTION
Extent xiv, 449 pages ;
Dimensions 18 cm.
500 ## - GENERAL NOTE
General note S-SAT: Prof. Sai Aung Tun
General note Includes index
650 ## - SUBJECT ADDED ENTRY--TOPICAL TERM
Topical term or geographic name entry element Abhidhamma.
9 (RLIN) 5486
942 ## - ADDED ENTRY ELEMENTS (KOHA)
Source of classification or shelving scheme
Koha item type Book (Short term)
Holdings
Withdrawn status Lost status Source of classification or shelving scheme Damaged status Not for loan Collection code Permanent Location Current Location Shelving location Date acquired Total Checkouts Full call number Barcode Date last seen Price effective from Koha item type Accession
          Special Collections Shan State Buddhist University Library Shan State Buddhist University Library Special Collection Shelves 05/03/2024   294.3824 Ti 21499 S_SAT EB00021499 05/03/2024 05/03/2024 Book (Short term) 21499 S-SAT

Library - 09407999929
Admin Office - 09407999979
Dean Office - 09250910768
Registrar Office - 09892297154
Email - [email protected]
Shan State Buddhist University, Phaya Phyu Taunggyi, Shan State, Myanmar.